Dân luật tu tri Bộ luật ứng hành trong toàn quốc đúng với luật quốc tịch và luật gia đình [ do Chính phủ Việt Nam Cộng Hòa ban hành ]
में बचाया:
| मुख्य लेखक: | |
|---|---|
| स्वरूप: | पुस्तक |
| भाषा: | Undetermined |
| प्रकाशित: |
Sài Gòn
Khai Trí
1961
|
| विषय: | |
| टैग : |
टैग जोड़ें
कोई टैग नहीं, इस रिकॉर्ड को टैग करने वाले पहले व्यक्ति बनें!
|
| Thư viện lưu trữ: | Trung tâm Học liệu Trường Đại học Cần Thơ |
|---|
| LEADER | 00694nam a2200193Ia 4500 | ||
|---|---|---|---|
| 001 | CTU_5946 | ||
| 008 | 210402s9999 xx 000 0 und d | ||
| 082 | |a 344.587 | ||
| 082 | |b Th308d | ||
| 100 | |a Phan Văn Thiết | ||
| 245 | 0 | |a Dân luật tu tri | |
| 245 | 0 | |b Bộ luật ứng hành trong toàn quốc đúng với luật quốc tịch và luật gia đình [ do Chính phủ Việt Nam Cộng Hòa ban hành ] | |
| 245 | 0 | |c Phan Văn Thiết | |
| 260 | |a Sài Gòn | ||
| 260 | |b Khai Trí | ||
| 260 | |c 1961 | ||
| 650 | |a civil rights | ||
| 904 | |i Nguyễn Quang Điền, 960807 | ||
| 980 | |a Trung tâm Học liệu Trường Đại học Cần Thơ | ||